One Piece - Membres des pirates du soleil - Statistiques

Statistiques générales
  • Ce quiz a été pris 487 fois
    476 depuis la dernière actualisation
  • Le résultat moyen est 6 sur 16
Statistiques - réponses
Nom % Correct
Arlong
95%
Jinbei
94%
Fisher Tiger
92%
Hachi
71%
Aladin
65%
Koala
43%
Kuroobi
41%
Macro
24%
Wadatsumi
23%
Pisaro
10%
Tansui
10%
Gyaro
9%
Kaneshiro
8%
Shû
8%
Take
4%
Shioyaki
3%
Aucun quiz correspondant
Distribution des résultats
% des personnes avec chaque résultat
Percentile par nombre de réponses
Votre historique - résultats
Vous n’avez pas pris ce quiz depuis la dernière actualisation